| 000 | 00500pab a2200193 454500 | ||
|---|---|---|---|
| 008 | 180718b1982 xxu||||| |||| 00| 0 eng d | ||
| 100 | _aSeetharaman, S.P. | ||
| 245 | _aSurface irrigation cooperative: A case study | ||
| 260 | _c1982 | ||
| 300 | _ap.815-831. | ||
| 362 | _aOct-Dec | ||
| 650 | _aCooperatives | ||
| 650 | _aIrrigation - Case studies | ||
| 650 | _aIrrigation | ||
| 700 | _aJayaraman, T.K. | ||
| 773 | _aIndian Journal of Public Administration | ||
| 908 | _aN | ||
| 909 | _a88649 | ||
| 999 |
_c88649 _d88649 |
||